Management Challenges for the 21st Century (Record no. 4488)

MARC details
000 -LEADER
fixed length control field 00348nam a2200145Ia 4500
008 - FIXED-LENGTH DATA ELEMENTS--GENERAL INFORMATION
fixed length control field 191201s2001 xx 000 0 und d
082 ## - DEWEY DECIMAL CLASSIFICATION NUMBER
Classification number 658.4
Item number DRM
100 ## - MAIN ENTRY--PERSONAL NAME
Personal name DRUCKER,Peter F
245 #0 - TITLE STATEMENT
Title Management Challenges for the 21st Century
250 ## - EDITION STATEMENT
Edition statement 1st
260 ## - PUBLICATION, DISTRIBUTION, ETC. (IMPRINT)
Place of publication, distribution, etc N. Delhi
Name of publisher, distributor, etc Collins
Date of publication, distribution, etc 2001
300 ## - PHYSICAL DESCRIPTION
Extent 207
650 ## - SUBJECT ADDED ENTRY--TOPICAL TERM
Topical term or geographic name as entry element BBA
942 ## - ADDED ENTRY ELEMENTS (KOHA)
Source of classification or shelving scheme Dewey Decimal Classification
Koha item type Text Books
Holdings
Withdrawn status Lost status Source of classification or shelving scheme Damaged status Not for loan Collection code Home library Current library Date acquired Source of acquisition Cost, normal purchase price Bill Number Total Checkouts Full call number Acc. no. / Barcode Date last seen Date last borrowed Bill Date Koha item type
    Dewey Decimal Classification     GENERAL PIET C-LIBRARY PIET C-LIBRARY 26/04/2010 J B C, New Delhi 11.90 SI-4915 1 658.4 DRM 15241 10/11/2022 28/10/2022 11/03/2010 Text Books
    Dewey Decimal Classification     GENERAL PIET C-LIBRARY PIET C-LIBRARY 26/04/2010 J B C, New Delhi 11.90 SI-4915   658.4 DRM 15242 04/12/2019   11/03/2010 Text Books
    Dewey Decimal Classification     GENERAL PIET C-LIBRARY PIET C-LIBRARY 26/04/2010 J B C, New Delhi 11.90 SI-4915 1 658.4 DRM 15243 20/01/2021 06/01/2021 11/03/2010 Text Books
    Dewey Decimal Classification     GENERAL PIET C-LIBRARY PIET C-LIBRARY 26/04/2010 J B C, New Delhi 11.90 SI-4915 1 658.4 DRM 15244 28/10/2022 17/10/2022 11/03/2010 Text Books
    Dewey Decimal Classification     GENERAL PIET C-LIBRARY PIET C-LIBRARY 26/04/2010 J B C, New Delhi 11.90 SI-4915   658.4 DRM 15245 04/12/2019   11/03/2010 Text Books
    Dewey Decimal Classification     GENERAL PIET C-LIBRARY PIET C-LIBRARY 26/04/2010 J B C, New Delhi 11.90 SI-4915   658.4 DRM 15246 04/12/2019   11/03/2010 Text Books

Design & Developed by: PIET Central Library
R70 Miles Stone Pattikalyana Samalkha Panipat 132102
mail ID :- [email protected], Phone No:- 0180-2569700 Ex.216